Statistiken für Beste Bundesliga Torschützen 1. FSV Mainz 05

Klicken Sie hier um das Quiz zu spielen!

Allgemein

  • Dieses Quiz wurde 269 mal gespielt
    (23 seit der letzten Aktualisierung)
  • Das Durchschnittsergebnis liegt bei 11 aus 19

Antwortstatistiken

SaisonNationalitätToreSpieler% Korrekt
2022/23Österreich10Karim Onisiwo
81%
2010/11Deutschland15André Schürrle
76%
2018/19Frankreich14Jean-Philippe Mateta
76%
2020/21Frankreich7Jean-Philippe Mateta
76%
2019/20Schweden13Robin Quaison
76%
2012/13Ungarn13Ádám Szalai
71%
2011/12Kamerun10Eric Maxim Choupo-Moting
67%
2006/07Ägypten14Mohamed Zidan
67%
2013/14Japan15Shinji Okazaki
62%
2014/15Japan12Shinji Okazaki
62%
2023/24Deutschland8Jonathan Burkardt
57%
2021/22Deutschland11Jonathan Burkardt
57%
2009/10Burkina Faso10Aristide Bancé
52%
2017/18Japan8Yoshinori Mutō
52%
2022/23Dänemark10Marcus Ingvartsen
43%
2005/06Deutschland12Michael Thurk
43%
2015/16Türkei11Yunus Mallı
43%
2016/17Türkei7Yunus Mallı
43%
2004/05Deutschland7Fabian Gerber
5%

Verteilung der Resultate

Perzentil nach korrekt beantworteten Fragen

Anzahl Personen mit jedem Resultat

Ihre Resultats-Entwicklung

Sie haben dieses Quiz seit der letzten Aktualisierung nicht gespielt